000 00469nam a2200181Ia 4500
003 GCL
008 140319s9999 xx 000 0 eng d
040 _aGCL /
_cGCL
082 0 4 _a820
_bB O
100 1 _aBARNARD, CJROSTOAAN
245 1 0 _aONE LIFE /
_cBARNARD, CJROSTOAAN
700 1 _aBILL PEPPER, CURTIS
260 _a[S.N] :
_bCOLLIER MACMILLON CONADA LTD ،
_c1969
300 _a472
650 0 4 _aENGLISH LITERATURE
650 0 4 _aLITERATURE
942 _2ddc
_cBK
999 _c11006
_d11006